| 000 | 00533nam a2200181Ia 4500 | ||
|---|---|---|---|
| 008 | 240729s9999 xx 000 0 und d | ||
| 022 | _a2785-2997 | ||
| 245 | 0 | _aJournal of Human, Earth, and Future | |
| 260 | _aItaly | ||
| 260 | _bItal Publication | ||
| 650 | _a Human ecology. Anthropogeography | Science | ||
| 650 | _a Meteorology. Climatology | ||
| 650 | _a Physics | ||
| 650 | _aGeography. Anthropology. Recreation | ||
| 856 | _uhttps://doaj.org/toc/a537f3239d2d40e18e64ae1f09c2b4a0 | ||
| 942 | _2ddc | ||
| 942 | _cDOAJEJ | ||
| 999 |
_c68176 _d68176 |
||
| 945 |
_a1 _bMadushi Gamage _c1 _dMadushi Gamage |
||